Statistics for Top 10 Worst Movies of all time

Click here to take the quiz!

General Stats

  • This quiz has been taken 4 times
  • The average score is 5 of 10

Answer Stats

Release DateDirectorAnswer% Correct
2002Roberto BenigniPinocchio
100%
2012Brain RobbinsA thousand words
67%
2018Kevin ConnollyGotti
67%
1987Joseph SargentJaws the Revenge
67%
2002Wych KaosayanandaBallistic Ecks v Sever
33%
2003Gary PreislerGold Diggers
33%
2014Vic ArmstrongLeft Behind
33%
2008Éric ValetteOne Missed Call
33%
2004Bob ClarkSuperbabies Baby Geniuses 2
33%
2020Olivier MegatonThe Last Days of American Crime
33%

Score Distribution

Percentile by Number Answered

Percent of People with Each Score

Your Score History

You have not taken this quiz